Mother Mother - Ghosting Lyric Quiz - Statistics

General Stats
  • This quiz has been taken 314 times
  • The average score is 231 of 299
Answer Stats
Answer % Correct
I
100%
a
98%
be
98%
Ghost
98%
ghost
98%
ghosting
98%
you
98%
You
98%
You
98%
been
96%
in
96%
I've
94%
your
93%
home
89%
and
87%
and
87%
house
86%
to
85%
the
84%
no
83%
along
82%
don't
82%
me
82%
Me
82%
have
81%
need
81%
I'm
79%
is
79%
this
78%
treats
78%
tricks
78%
When
78%
when
78%
decided
77%
leave
77%
so
77%
it
76%
why
76%
Halloween
74%
my
74%
sleep
74%
dreams
72%
you're
72%
sheets
70%
unhaunted
70%
because
68%
it's
68%
world
68%
of
67%
turn
67%
head
66%
out
66%
white
66%
I'll
65%
remember
64%
with
64%
for
63%
tossing
63%
afraid
62%
make
62%
old
61%
that
61%
these
61%
from
60%
days
59%
hiding
59%
know
59%
them
59%
tidy
59%
arms
58%
if
58%
if
58%
just
58%
neat
58%
sidekicks
58%
folded
55%
pull
55%
would
52%
you'll
52%
I'd
49%
oh-so
46%
poltergeists
46%
Eve
45%
his
45%
love
45%
through
45%
won't
45%
grave
44%
noises
44%
staring
44%
straight
44%
sweet
44%
will
44%
stayed
43%
Hallows
42%
Hey
42%
bad
41%
stop
41%
stairs
40%
can't
39%
kind
39%
put
35%
into
30%
hair
29%
No matching quizzes found
Score Distribution
Percent of People with Each Score
Percentile by Number Answered
Your Score History
You have not taken this quiz